| 000 | 00558nam a2200205Ia 4500 | ||
|---|---|---|---|
| 003 | GCL | ||
| 008 | 140319s9999 xx 000 0 ara d | ||
| 040 |
_aGCL / _cGCL |
||
| 082 | 0 | 4 |
_a572.2 _bهـ م |
| 100 | 1 | _aهاولز, وليام | |
| 245 | 1 | 0 |
_aما وراء التاريخ / _cهاولز, وليام |
| 700 | 1 | _aاحمد ابوزيد | |
| 300 | _a603 ص | ||
| 490 |
_aكتاب _v0 |
||
| 650 | 0 | 4 | _aاللغات |
| 650 | 0 | 4 | _aالسلالات البشرية |
| 650 | 0 | 4 | _aالانثربولوجيا |
| 650 | 0 | 4 | _aالاجناس |
| 942 |
_2ddc _cBK |
||
| 999 |
_c41714 _d41714 |
||